Projektové prírodovedné a zdravotné námety

Bibliographic Details
Main Author: Wiegerová, Adriana, 1969- (Author)
Format: Article
Language:Slovak
Subjects:

MARC

LEADER 00000nab a2200000 a 4500
001 vtls000846914
003 SK-MaSNL
005 20260304103616.0
008 250429c2003 xo 0 slo
015 |a SNBRB2003/10-26963 
035 |a CLN000198569 
035 |a urn:nbn:sk:snk-abd4jy 
035 |a (urnnbn)urn:nbn:sk:snk:ar-007f7k 
035 |a (uuid)77fb2dcb-cd1b-44b8-b910-16a30929d85f 
040 |a SNKBUCL  |b slo  |c SNKBUCL  |e AACR2 
041 0 |a slo 
044 |a xo  |c SK 
080 |a 373.32:371.314.6  |2 1981 
100 1 |a Wiegerová, Adriana,  |d 1969-  |4 aut  |9 11951 
245 1 0 |a Projektové prírodovedné a zdravotné námety  |c Adriana Wiegerová 
650 0 7 |a projektové vyučovanie  |2 snkbucl  |9 4053 
650 0 7 |a základné školy  |2 snkbucl  |9 1280 
650 0 7 |a prírodoveda  |2 snkbucl  |9 3960 
650 0 7 |a zdravotná výchova  |2 snkbucl 
655 7 |a články z novín a časopisov  |2 snkbucl  |9 267496 
773 0 |t Vychovávateľ  |g Roč. 48, č. 10 (2003), s. 2-5  |x 0139-6919 
850 |a Slovenská národná knižnica 
852 |a Slovenská národná knižnica 
954 |a odborná, vedecká literatúra pôvodná (slovenská)  |2 lita 
958 |a article17 
958 |a OND 
958 |a EUIPO 
992 |a RBX 
999 |c 2849310  |d 2851240